000 00673nam a2200205 a 4500
001 000028138
005 20240412074253.0
008 091002s1993 dr a 001 0 spa d
040 _aDO-SdBNP
082 _aRD861.44
_bC679r
100 1 _aCoiscou Weber, Rodolfo
_919739
245 1 0 _aRetorno al origen sin origen /
_cRodolfo Coiscou Weber.
260 _aSanto Domingo :
_bUniversidad Central del Este,
_c1993.
300 _a52 p. :
_bil. ;
_c22 cm.
490 1 _aAntología de nuestra voz
_v48
650 0 _aPoesía dominicana
_966
650 0 _aLiteratura dominicana.
_967
830 0 _aAntología de nuestra voz
_n48
_924856
910 _aValidado. Control de calidad. MFF
999 _c27630
_d27630